| 000 | 00478cam a2200181ua 4500 | ||
|---|---|---|---|
| 003 | OSt | ||
| 008 | 250804b |||||||| |||| 00| 0 eng d | ||
| 020 | _a81-224-0839-7 | ||
| 041 | _aeng | ||
| 082 |
_a631.5875 _bBAR/TR |
||
| 100 |
_aBarah , B C . _96048 |
||
| 245 | 0 | 0 | _aTraditional water harvesting systems / |
| 260 |
_aNew Delhi : _bNew Age International Ltd , _c1996. |
||
| 300 | _a244 ; . | ||
| 500 | _a20198, 20199 SS | ||
| 700 | 1 |
_aUma, Shankari . _97675 |
|
| 942 | _cBK | ||
| 999 |
_c1457 _d1457 |
||